000 00640nam a2200205 a 4500
001 22966
003 CO-ViMGA
008 141112s2004 ck r 000 u spa d
020 _a9480456356
040 _aCO-ViMGA
_bspa
_cCO-ViMGA
082 0 4 _aGANj
100 1 _aGantos, Jack
_933014
245 1 0 _aJoey piagzia se tragò la llave
260 _aColombia :
_bNorma
300 _a232p.
505 _aContra las paredes, El arbol genealogico, Dolor de cabeza, De pesca, Suspendido, Cambiando de ritmo, El parche
650 1 4 _aNIÑOS HIPERATIVOS - NOVELA LUDICA
_933015
650 1 4 _aNOVELA JUVENIL ESTADOUNIDENSE
_92066
942 _2ddc
_cBK
999 _c31253
_d31253